Sabrina Carpenter A-Z - Statistics

General Stats
  • This quiz has been taken 153 times
    48 since last reset
  • The average score is 17 of 22
Answer Stats
Hint Answer % Correct
B bed chem / busy woman / bad reviews / because i liked a boy / bet u wanna / bad for business / bad time / best thing i got
96%
G good graces / go go juice / goodbye
96%
T taste / tornado warnings / things i wish you said / take off all your cool / tell em / take you back / thumbs / the middle of starting over / two young hearts / too young / tears
96%
W we'll be the stars / white flag / we almost broke up again last night / when did you get hot?
96%
D dumb & poetic / don't smile / decode / diamonds are forever / don't want it back / darling i'm a mess / don't worry i'll make you worry
92%
M mona lisa / mirage / manchild / my man on willpower
92%
N nonsense / no words / nobody's son / never getting laid
92%
S sharpest tool / slim pickins / skinny dipping / sue me / shadows / seamless / sugar talking
92%
C coincidence / couldn't make it any harder / can't blame a girl for trying
88%
E espresso / emails i can't send / exhale / eyes wide open
88%
J juno
83%
F fast times / feather / feels like loneliness
79%
H how many things / hold tight / house tour
79%
P please please please / pushing 20 / paris / prfct
79%
L lie to girls / lonesome / looking at me
75%
V vicious
75%
# 15 minutes
67%
A already over / almost love / all we have is love
63%
R read your mind / run and hide / right now
58%
O opposite / on purpose
54%
I in my bed / i can't stop me / I'm fakin
42%
Y your love's like
38%
No matching quizzes found
Score Distribution
Percent of People with Each Score
Percentile by Number Answered
Your Score History
You have not taken this quiz since the last reset